00761 2200277 4500001002100000005001500021035002000036007000300056040001700059100002800076245007300104250001200177300003800189020001800227041000600245084001800251090001900269264003500288336002100323337003000344338002300374650001400397850001000411008004100421990002100462INLIS00000000000684020260409084707 a0010-0622000175ta aSBPUPADbind aLarry HodgesePengarang1 aTenis Meja Tingkat Pemula /cLarry Hodges;Penerjemah, Eri D.Nasotion aEd.--1. axviii,168 hlm. :billus. ;c26 cm a979-421-526-7 nd a796.346 LAR t a796.346 L.19.6 a.--Jakarta :bGrafindo.,c2007 2rdacontentaTeks 2rdamediaaTanpa Perantara 2rdacarrieravolume 4aOlah Raga aPUPAD260409 0  a639/Br/KAPD/2011